Catálogo

Vista normal Vista MARC

Entrada Personal Name

Número de registros utilizados en: 1

001 - CONTROL NUMBER

  • control field: 17797

003 - CONTROL NUMBER IDENTIFIER

  • control field: DLC

005 - DATE AND TIME OF LATEST TRANSACTION

  • control field: 20260126094612.0

008 - FIXED-LENGTH DATA ELEMENTS

  • fixed length control field: 090605n| acannaabn |a aaa c

010 ## - LIBRARY OF CONGRESS CONTROL NUMBER

  • LC control number: no2009086826

035 ## - SYSTEM CONTROL NUMBER

  • System control number: (OCoLC)oca08132504

040 ## - CATALOGING SOURCE

  • Original cataloging agency: MXMxUNAM
  • Language of cataloging: spa
  • Transcribing agency: Mx-PuUPA
  • Modifying agency: Mx-PuUPA
  • Description conventions: rda

100 1# - HEADING--PERSONAL NAME

  • Personal name: Tirado López, Abel,

374 ## - OCCUPATION

  • Occupation: Autor

375 ## - GENDER

  • Gender: hombre

377 ## - ASSOCIATED LANGUAGE

  • Language code: spa

400 1# - SEE FROM TRACING--PERSONAL NAME

  • Personal name: López, Abel Tirado

670 ## - SOURCE DATA FOUND

  • Source citation: Del prisma inaudito, 1957:
  • Information found: t.p. (Abel Tirado López)

670 ## - SOURCE DATA FOUND

  • Source citation: Dicc. de escritores mexicanos siglo XX, 1988-2008:
  • Information found: t. 8, p. 479-480 (Tirado López, Abel (1919); b. in Cuetzalan, Puebla, March 13; poet and essayist)